[Event "AUT-ch U10"]
[Site "St Veit"]
[Date "2016.05.29"]
[Round "7.6"]
[White "Murali, Saiadithya"]
[Black "Wendl, Philipp"]
[Result "0-1"]
[WhiteElo "1171"]
[BlackElo "1153"]
[PlyCount "40"]
[EventDate "2016.05.27"]
[EventType "swiss"]
[EventRounds "7"]
[EventCountry "AUT"]
[SourceTitle "EXT 2024"]
[Source "ChessBase"]
[SourceDate "2023.10.10"]
[SourceVersion "1"]
[SourceVersionDate "2023.10.10"]
[SourceQuality "1"]

1. e4 e5 2. Nf3 Nc6 3. Bb5 a6 4. Bxc6 dxc6 5. 0-0 Bg4 6. h3 h5 7. d3 Bd6 8. Be3 Qe7 9. Nbd2 0-0-0 10. hxg4 hxg4 11. Nh2 f5 12. Re1 Qh4 13. Ndf1 Nf6 14. g3 Qh3 15. Bg5 Rh5 16. Bh4 g5 17. Re3 Bc5 18. Bxg5 Rxg5 19. Re1 f4 20. Qe2 f3 0-1

[Event "AUT-ch U10"]
[Site "St Veit"]
[Date "2016.05.28"]
[Round "6.4"]
[White "Graf, Simon"]
[Black "Murali, Saiadithya"]
[Result "1-0"]
[WhiteElo "1581"]
[BlackElo "1171"]
[PlyCount "49"]
[EventDate "2016.05.27"]
[EventType "swiss"]
[EventRounds "7"]
[EventCountry "AUT"]
[SourceTitle "EXT 2024"]
[Source "ChessBase"]
[SourceDate "2023.10.10"]
[SourceVersion "1"]
[SourceVersionDate "2023.10.10"]
[SourceQuality "1"]

1. e4 c5 2. Nf3 Nc6 3. Nc3 g6 4. d4 cxd4 5. Nxd4 Bg7 6. Be3 d6 7. Bc4 Nf6 8. Bb3 0-0 9. f3 Bd7 10. Qd2 a6 11. g4 h5 12. gxh5 Nxh5 13. 0-0-0 b5 14. f4 Nxd4 15. Bxd4 Bxd4 16. Qxd4 Nxf4 17. e5 Bc6 18. Rhg1 Bf3 19. Qxf4 Bh5 20. Rd3 Kh7 21. exd6 exd6 22. Rxd6 Qe7 23. Nd5 Qb7 24. Nf6+ Kh8 25. Qh6# 1-0

[Event "AUT-ch U10"]
[Site "St Veit"]
[Date "2016.05.28"]
[Round "5.6"]
[White "Murali, Saiadithya"]
[Black "Hersel, Richard"]
[Result "1/2-1/2"]
[WhiteElo "1171"]
[BlackElo "1472"]
[PlyCount "60"]
[EventDate "2016.05.27"]
[EventType "swiss"]
[EventRounds "7"]
[EventCountry "AUT"]
[SourceTitle "EXT 2024"]
[Source "ChessBase"]
[SourceDate "2023.10.10"]
[SourceVersion "1"]
[SourceVersionDate "2023.10.10"]
[SourceQuality "1"]

1. e4 c5 2. Nf3 Nc6 3. d4 cxd4 4. Nxd4 e6 5. Nc3 Bc5 6. Be3 Bxd4 7. Bxd4 e5 8. Bc5 b6 9. Bd6 a6 10. Qd5 Qf6 11. b4 Nge7 12. Bxe7 Qxe7 13. b5 Qb4 14. Qb3 Nd4 15. Qxb4 Nxc2+ 16. Kd2 Nxb4 17. a3 axb5 18. Bxb5 Nc6 19. Nd5 0-0 20. Nxb6 Rb8 21. Nxc8 Rfxc8 22. Bxc6 Rxc6 23. Rhc1 Rcb6 24. Rc3 f6 25. Ke3 Kf7 26. a4 Ra8 27. Kd3 Rb4 28. Rca3 Rb2 29. R1a2 Rb1 30. g3 Ke6 1/2-1/2

[Event "AUT-ch U10"]
[Site "St Veit"]
[Date "2016.05.27"]
[Round "2.10"]
[White "Schwarz, Rene"]
[Black "Murali, Saiadithya"]
[Result "0-1"]
[WhiteElo "1045"]
[BlackElo "1171"]
[PlyCount "86"]
[EventDate "2016.05.27"]
[EventType "swiss"]
[EventRounds "7"]
[EventCountry "AUT"]
[SourceTitle "EXT 2024"]
[Source "ChessBase"]
[SourceDate "2023.10.10"]
[SourceVersion "1"]
[SourceVersionDate "2023.10.10"]
[SourceQuality "1"]

1. Nf3 Nc6 2. g3 e5 3. Nc3 d5 4. Bg2 Nf6 5. 0-0 Be6 6. b3 Bc5 7. e3 0-0 8. d4 Bd6 9. Nb5 e4 10. Nxd6 exf3 11. Nxb7 Qb8 12. Bxf3 Qxb7 13. Ba3 Rfe8 14. Rb1 Nb4 15. c4 c6 16. Bxb4 Qxb4 17. Qe1 Qxe1 18. Rbxe1 Bf5 19. cxd5 cxd5 20. Rc1 Be4 21. Be2 h6 22. Bb5 Rf8 23. Bc6 Rac8 24. Bb5 Nh7 25. Rxc8 Rxc8 26. Ba6 Ng5 27. h4 Nf3+ 28. Kh1 Rc6 29. Be2 Nd2+ 30. f3 Nxf1 31. fxe4 Nxe3 32. exd5 Nxd5 33. Bf3 Rd6 34. Bxd5 Rxd5 35. a4 Rxd4 36. g4 Rxg4 37. a5 f5 38. Kh2 f4 39. b4 f3 40. Kh3 h5 41. b5 f2 42. b6 f1Q+ 43. Kh2 Qg2# 0-1

[Event "AUT-ch U10"]
[Site "Woerth"]
[Date "2015.06.06"]
[Round "6.7"]
[White "Sorger, Sebastian"]
[Black "Murali, Saiadithya"]
[Result "1-0"]
[WhiteElo "1107"]
[BlackElo "1037"]
[PlyCount "65"]
[EventDate "2015.06.05"]
[EventType "swiss"]
[EventRounds "7"]
[EventCountry "AUT"]
[SourceTitle "EXT 2024"]
[Source "ChessBase"]
[SourceDate "2023.10.10"]
[SourceVersion "1"]
[SourceVersionDate "2023.10.10"]
[SourceQuality "1"]

1. d4 d5 2. c4 c6 3. Nf3 Nf6 4. Nc3 e6 5. e3 Be7 6. Be2 Nbd7 7. 0-0 0-0 8. Qc2 b6 9. Bd3 Bb7 10. Ng5 h6 11. Nf3 c5 12. cxd5 exd5 13. Bf5 Re8 14. e4 dxe4 15. Nxe4 g6 16. Nxf6+ Bxf6 17. Bd3 Bg7 18. Qc4 Nf6 19. dxc5 bxc5 20. Be3 Bf8 21. Bxg6 Bd5 22. Qc2 fxg6 23. Qxg6+ Bg7 24. Bxh6 Qe7 25. Rfe1 Qf7 26. Rxe8+ Rxe8 27. Qxf7+ Kxf7 28. Bxg7 Kxg7 29. Rc1 Bxa2 30. Rxc5 Rd8 31. h3 Be6 32. Rc7+ Kg6 33. Rxa7 1-0